Derecho crítico del trabajo

Sábháilte in:
Sonraí bibleagrafaíochta
Príomhchruthaitheoirí: Martínez Girón, Jesús (autor), Arufe Varela, Alberto (Údar)
Formáid: LEABHAR
Teanga:Spáinnis
Béarla
Foilsithe / Cruthaithe: Barcelona Atelier 2014
Eagrán:3a. ed
Ábhair:
Clibeanna: Cuir clib leis
Níl clibeanna ann, Bí ar an gcéad duine le clib a chur leis an taifead seo!

MARC

LEADER 00000cam a2200000 a 4500
001 UCE5844
003 CL-VaPUC
008 150312e20140000sp |||||||||||||||||spa|d
020 |a 9788415690603 
041 0 7 |a spa  |2 CL-VaPUC 
041 0 7 |a eng  |2 CL-VaPUC 
082 0 4 |a 344.01  |b MAR  |2 21 
100 |a Martínez Girón, Jesús  |e autor  |9 578508 
700 0 |a Arufe Varela, Alberto  |e author  |9 578509 
245 1 0 |a Derecho crítico del trabajo 
246 1 0 |a Critical labor law 
250 |a 3a. ed 
300 |a 287 p 
942 |c BK 
945 |d 20150312 12:37:00  |a dcastane 
260 |a Barcelona  |b Atelier  |c 2014 
650 7 |a DERECHO LABORAL  |2 CL-VaPUC  |9 15 
650 0 |a Historia y crítica   |9 257407 
583 |a last modification  |c 20170803 01:38:40  |k Rodrigo Vera 
999 |c 358410  |d 358408 
952 |0 0  |1 0  |3 erb  |4 0  |6 344_010000000000000_MAR_2014  |7 0  |8 A  |9 467098  |a BIBDER  |b BIBDER  |i 5141400  |o 344.01 MAR 2014  |p 5141400  |r 2023-01-25  |w 2019-11-23  |y BK  |z Catalogado en:20150319  |k DER